| 000 | 00698nam a2200217 a 4500 | ||
|---|---|---|---|
| 001 | BRL_1765 | ||
| 005 | 20190320211346.0 | ||
| 008 | 280715s1979----mx-a######---#000-0#spa-# | ||
| 041 | _aspa | ||
| 044 | _amx | ||
| 050 | 4 |
_aPQ7298.26.R47 _b.P75 1979 |
|
| 100 | 1 |
_aPriego Pardiñaz, Carlos _927814 |
|
| 245 | 1 | 0 |
_aLeyendas y anécdotas de la huasteca _cCarlos Priego Pardiñaz ; proìlogo del Lic. Rafael Montejano y AguinÞaga. |
| 260 |
_aTamazunchale, S.L.P. _bEditorial Huastecapan _c1979 |
||
| 300 |
_a153 p. _bil. _c21 cm. |
||
| 500 | _aAu1999 | ||
| 650 | 1 | 4 |
_aLeyendas _zHuasteca (México) _927815 |
| 700 | 1 |
_aMontejano y AguinÞaga, Rafael _epról. _927816 |
|
| 902 | _aGRL | ||
| 942 |
_2lcc _cB |
||
| 999 |
_c10573 _d10573 |
||